| 000 | 01434cam a2200433 a 4500 | ||
|---|---|---|---|
| 001 | 10248289 | ||
| 003 | OSt | ||
| 005 | 20210927152900.0 | ||
| 006 | m o d | ||
| 007 | cr zn| | ||
| 008 | 130228s2011 enka o 000 0 eng d | ||
| 020 | _z9780470741887 (pbk.) | ||
| 035 | _a(CtWfDGI)bke00041714 | ||
| 035 | _a(NNC)10248289 | ||
| 038 | _akhadija | ||
| 040 |
_aCtWfDGI _beng _cCtWfDGI |
||
| 050 | 1 | 4 |
_aT212 _b.G33 2011eb |
| 082 | 0 | 4 |
_a620.0028 _222 _bGAD |
| 100 | 1 |
_aGadd, Karen. _982794 |
|
| 245 | 1 | 0 |
_aTRIZ for engineers _benabling inventive problem solving / _cKaren Gadd. |
| 256 | _aComputer document. | ||
| 260 |
_aChichester, West Sussex, U.K. : _bJohn Wiley & Sons Ltd, _c2011 _e(Norwood, Mass. : _fBooks24x7.com [generator]) |
||
| 500 | _aTitle from title screen. | ||
| 516 | _aText. | ||
| 530 | _aAvailable also in a print ed. | ||
| 538 | _aMode of access: Internet via World Wide Web. | ||
| 550 | _aDigitized and made available by: Books24x7.com. | ||
| 563 | _aPB | ||
| 650 | 0 |
_aTRIZ theory. _982795 |
|
| 650 | 0 |
_aInventions. _941824 |
|
| 650 | 0 |
_aEngineering _xMethodology. _982796 |
|
| 650 | 0 |
_aProblem solving _xMethodology. _982797 |
|
| 655 | 7 |
_aElectronic books. _2lcsh _9621 |
|
| 655 | 0 |
_aElectronic books. _9621 |
|
| 710 | 2 |
_aBooks24x7, Inc. _925470 |
|
| 856 | 4 | 0 |
_uhttp://www.columbia.edu/cgi-bin/cul/resolve?clio10248289 _zClick here for full text. |
| 942 |
_2ddc _cBK |
||
| 999 |
_c32916 _d32916 |
||